Anciens noms des pays - Statistiques

Statistiques générales
  • Ce quiz a été pris 362 fois
    313 depuis la dernière actualisation
  • Le résultat moyen est 14 sur 23
Statistiques - réponses
Ancien nom Nom actuel % Correct
Perse Iran
91%
Zaïre R.D. Congo
91%
Guinée portugaise Guinée-Bissau
81%
Guinée-Espagnole Guinée équatoriale
81%
Transjordanie Jordanie
77%
Royaume de Siam Thaïlande
77%
Rhodésie du Sud Zimbabwe
76%
Ceylan Sri Lanka
73%
Rhodésie du Nord Zambie
71%
Abyssinie Ethiopie
66%
Nouvelle-Espagne Mexique
60%
Tanganyika Tanzanie
60%
Côte-de-l'Or Ghana
58%
Haute-Volta Burkina Faso
56%
Soudan français Mali
55%
Dahomey Bénin
52%
Formose Taïwan
51%
Kampuchéa démocratique Cambodge
48%
Bechuanaland Botswana
47%
Batusoland Lesotho
40%
Nyassaland Malawi
37%
Oubangui-Chari République Centrafricaine
37%
Nouvelles-Hébrides Vanuatu
36%
Aucun quiz correspondant
Distribution des résultats
% des personnes avec chaque résultat
Percentile par nombre de réponses
Votre historique - résultats
Vous n’avez pas pris ce quiz depuis la dernière actualisation